000 00723nam a2200241Ia 4500
003 OSt
005 20220923223734.0
006 a|||||r|||| 00| 0
007 ta
008 Pun
024 _a220,946
037 _cTextual
040 _aARTS
_cARTS
_bPun
041 _2Pun
_aPun
082 _aO153,3N452xx, M7
100 _aਸੰਧੂ, ਵਰਿਆਮ ਸਿੰਘ
_9156315
245 0 _aਭੱਜੀਆਂ ਬਾਹੀਜ਼
260 _aਲੁਧਿਆਣਾ
_b ਲਾਹੋਰ ਬੂਕ Fਾਪ
_c1987
300 _a147ਪੰ
_ccm.
650 _aਪੰਜਾਬੀ ਸਾਹਿਤ
942 _hO153,3N452xx, M7
_cTEXL
_2CC
999 _c367155
_d367155